Las influencias de las culturas académicas alemana y española desde 1898 hasta 1936 / (Record no. 91789)

MARC details
000 -LEADER
campo de control de longitud fija 00976nam a2200265 i 4500
001 - NÚMERO DE CONTROL
campo de control 91789
003 - IDENTIFICADOR DE NÚMERO DE CONTROL
campo de control ES-MaACL
005 - FECHA Y HORA DE LA ÚLTIMA TRANSACCIÓN
campo de control 20230906180820.0
007 - CAMPO FIJO DE DESCRIPCIÓN FÍSICA--INFORMACIÓN GENERAL
campo de control de longitud fija t|
008 - DATOS DE LONGITUD FIJA--INFORMACIÓN GENERAL
campo de control de longitud fija 050215s2000 sp ||||1| spa d
020 ## - NÚMERO INTERNACIONAL ESTÁNDAR DEL LIBRO
Número Internacional Estándar del Libro 84-95107-66-X
020 ## - NÚMERO INTERNACIONAL ESTÁNDAR DEL LIBRO
Número Internacional Estándar del Libro 3-89354-573-5
080 ## - NÚMERO DE LA CLASIFICACIÓN DECIMAL UNIVERSAL
Número de la Clasificación Decimal Universal 930.85(430:460)
245 04 - MENCIÓN DEL TÍTULO
Título Las influencias de las culturas académicas alemana y española desde 1898 hasta 1936 /
Mención de responsabilidad, etc. Jaime de Salas, Dietrich Briesemeister (eds.).
260 ## - PUBLICACIÓN, DISTRIBUCIÓN, ETC.
Lugar de publicación, distribución, etc. Madrid :
Nombre del editor, distribuidor, etc. Iberoamericana ;
Lugar de publicación, distribución, etc. Frankfur am Main :
Nombre del editor, distribuidor, etc. Vervuert,
Fecha de publicación, distribución, etc. 2000.
300 ## - DESCRIPCIÓN FÍSICA
Extensión 287 p. :
Otras características físicas il. ;
Dimensiones 23 cm.
490 1# - MENCIÓN DE SERIE
Mención de serie Bibliotheca ibero-americana ;
Designación de volumen o secuencia 73
651 #4 - PUNTO DE ACCESO ADICIONAL DE MATERIA--NOMBRE GEOGRÁFICO
Nombre geográfico España-
Subdivisión general Civilización-
-- Influencia alemana.
9 (RLIN) 171083
651 #4 - PUNTO DE ACCESO ADICIONAL DE MATERIA--NOMBRE GEOGRÁFICO
Nombre geográfico Alemania-
Subdivisión general Civilización-
-- Influencia española.
9 (RLIN) 171084
700 1# - ENTRADA AGREGADA--NOMBRE PERSONAL
Nombre de persona Salas Ortueta, Jaime de.
9 (RLIN) 101769
700 1# - ENTRADA AGREGADA--NOMBRE PERSONAL
Nombre de persona Briesemeister, Dietrich.
9 (RLIN) 31708
830 1# - PUNTO DE ACCESO ADICIONAL DE SERIE-TÍTULO UNIFORME
Título uniforme Bibliotheca ibero-americana ;
Designación de volumen o secuencia 73
9 (RLIN) 184284
852 ## - LOCALIZACIÓN
Ubicación ES-MaACL
Número de control de estantería L-28838
Holdings
Estatus retirado Estado de pérdida Estado de daño No para préstamo Biblioteca de origen Biblioteca actual Ubicación en estantería Fecha de adquisición Fuente de adquisición Total de préstamos Signatura topográfica completa Código de barras Visto por última vez Precio de reemplazo Tipo de ítem Koha
        Biblioteca del Ateneo de Madrid Biblioteca del Ateneo de Madrid Depósito 2 17/01/2008     L-28838 1095835 23/02/2023 23/02/2023 Libro impreso